000 00410nam a2200157 4500
001 258
005 20230411085953.0
008 060907n1986 dr spa
035 _9funglode259
041 _aES
100 _aSilié Gatón, José
245 1 _aInstituciones de derecho público /
_cJosé Silié Gatón
260 _aSanto Domingo :
_bONAP,
_c1986
300 _a604 p.
942 _2lcc
_cbk
999 _c110218
_d110218